| 000 | 01207nam a2200313 a 4500 | ||
|---|---|---|---|
| 001 | ebr10323373 | ||
| 003 | CaPaEBR | ||
| 006 | m u | ||
| 007 | cr cn||||||||| | ||
| 008 | 091012s2008 ii a s 000 0 eng d | ||
| 020 | _z9788122421774 | ||
| 020 | _z9788122424256 | ||
| 040 |
_aCaPaEBR _cCaPaEBR |
||
| 035 | _a(OCoLC)567962877 | ||
| 050 | 1 | 4 |
_aTS155 _b.A55 2008eb |
| 100 | 1 | _aAnil Kumar, S. | |
| 245 | 1 | 0 |
_aProduction and operations management _h[electronic resource] : _b(with skill development, caselets and cases) / _cS. Anil Kumar, N. Suresh. |
| 250 | _a2nd ed. | ||
| 260 |
_aNew Delhi : _bNew Age International (P) Ltd., Publishers, _c2008. |
||
| 300 |
_axii, 271 p. : _bill. |
||
| 533 |
_aElectronic reproduction. _bPalo Alto, Calif. : _cebrary, _d2013. _nAvailable via World Wide Web. _nAccess may be limited to ebrary affiliated libraries. |
||
| 650 | 0 | _aProduction management. | |
| 650 | 0 | _aMaterials management. | |
| 650 | 0 | _aProduction control. | |
| 655 | 7 |
_aElectronic books. _2local |
|
| 700 | 1 | _aSuresh, N. | |
| 710 | 2 | _aebrary, Inc. | |
| 856 | 4 | 0 |
_uhttp://site.ebrary.com/lib/rucke/Doc?id=10323373 _zAn electronic book accessible through the World Wide Web; click to view |
| 999 |
_c54723 _d54723 |
||